The financial structure supporting the export trade of Japan

Gardado en:
Detalles Bibliográficos
Formato: Libro
Idioma:Undetermined
Publicado: Tokyo The Export-Import Bank of Japan 1962
Những chủ đề:
Các nhãn: Engadir etiqueta
Sen Etiquetas, Sexa o primeiro en etiquetar este rexistro!
Thư viện lưu trữ: Trung tâm Học liệu Trường Đại học Cần Thơ
LEADER 00456nam a2200157Ia 4500
001 CTU_77810
008 210402s9999 xx 000 0 und d
082 |a 332.1 
082 |b F491 
245 4 |a The financial structure supporting the export trade of Japan 
260 |a Tokyo 
260 |b The Export-Import Bank of Japan 
260 |c 1962 
650 |a Financial institutions 
650 |z Japan 
980 |a Trung tâm Học liệu Trường Đại học Cần Thơ